Algunos muchachos y otros cuentos
Guardat en:
| Autor principal: | |
|---|---|
| Format: | Llibre |
| Idioma: | espanyol |
| Publicat: |
Pamplona
Salvat
1970
|
| Col·lecció: | Biblioteca Básica Salvat, 89
|
| Matèries: | |
| Etiquetes: |
Afegir etiqueta
Sense etiquetes, Sigues el primer a etiquetar aquest registre!
|
MARC
| LEADER | 00000nam a2200000 a 4500 | ||
|---|---|---|---|
| 001 | UCT6693 | ||
| 003 | CL-VaPUC | ||
| 008 | 970113e19700000sp |||||||||||||||||spa|d | ||
| 082 | 0 | 4 | |a 863 |b MAT |2 21 |
| 100 | |a Matute, Ana María |e autora |9 316999 | ||
| 245 | 1 | 0 | |a Algunos muchachos y otros cuentos |
| 300 | |a 182 p | ||
| 942 | |c BK | ||
| 945 | |d 19970113 00:00:00 |a nastorga | ||
| 260 | |a Pamplona |b Salvat |c 1970 | ||
| 650 | 0 | |a Novelas españolas |9 265052 | |
| 583 | |a last modification |c 20171212 05:37:14 |k Rodrigo Vera | ||
| 490 | 0 | |a Biblioteca Básica Salvat, 89 | |
| 999 | |c 255371 |d 255369 | ||
| 952 | |0 0 |1 0 |4 0 |6 863_000000000000000_MAT_1970 |7 0 |8 A |9 277588 |a BIBEDU |b BIBEDU |c ES_NOD |d 2019-11-19 |i 3274322 |o 863 MAT 1970 |p 3274322 |r 2023-08-09 |w 2019-11-19 |y BK |k LIT | ||